000 00724cam a22002413a 4500
001 31954
003 PGUSA
005 20140828083706.0
008 100411s2010||||xxu|||||s|||||000 | eng d
040 _aPGUSA
_beng
042 _adc
050 4 _aBL
100 1 _aGuerber, H. A.
_q(Hélène Adeline),
_d1859-1929
245 1 0 _aNoorsche mythen uit de Edda's en de sagen
_h[electronic resource] /
_cH. A. Guerber
260 _bProject Gutenberg,
_c2010
506 _aPublic domain in the USA.
516 _aElectronic text
653 _aMythology, Norse
700 1 _aBergh van Eysinga, Henri van den,
_d1868-1920
830 0 _aProject Gutenberg
_v31954
856 4 0 _uhttp://www.gutenberg.org/ebooks/31954
942 _cEB
999 _c261209
_d261209